Gregorio mendel /
Guardado en:
| Autor Principal: | |
|---|---|
| Formato: | Libro |
| Publicado: |
Bahía Blanca :
el autor,
2004
|
| Materias: | |
| Etiquetas: |
Agregar Etiqueta
Sin Etiquetas, Sea el primero en etiquetar este registro!
|
| LEADER | 00885nam a22001815a 4500 | ||
|---|---|---|---|
| 001 | CEM.cems012412 | ||
| 005 | 20070327145745.0 | ||
| 008 | 130507s2004##################000#0#####d | ||
| 003 | CEMS | ||
| 082 | 0 | 4 | |a F576.5 |
| 100 | 1 | |a Ovejero Lanzavecchia, Araujo | |
| 245 | 1 | 0 | |a Gregorio mendel / |c Araujo Ovejero Lanzavecchia |
| 260 | |a Bahía Blanca : |b el autor, |c 2004 | ||
| 300 | |a 18 p. | ||
| 500 | |a Trabajo realizado para la materia Introducción al Pensamiento Científico | ||
| 505 | 0 | |a La planta de arverjilla -- Reproducción de la planta de arvejas -- ¿Por qué resultaron exitosos los experimentos de Mendel? -- Los siete rasgos estudiados por Mendel -- Los experimentos de Mendel -- Cada cosa por su nombre -- Cruza de dos líneas puras -- La primera Ley de Mendel -- La segunda Ley de Mendel | |
| 653 | |a Pensamiento científico | ||
| 859 | |a CEMS |b BIB. CEMS - 11 de abril |h F576.5 |i 1 |p 2128.44 |t Ej.1 | ||
